000 00303nam a22001217a 4500
008 171009b xxu||||| |||| 00| 0 eng d
041 _aeng
080 _25 ED
_a159.9
100 _a49
101 _aPSI
245 _aPUBLICATION MANUAL OF THE PSYCHOLOGICAL ASSOCIATION
_cROBERTS.J
942 _2udc
_cBK
999 _c32552
_d32552